[Event "ODJM A 2017"]
[Site "Willingen GER"]
[Date "2017.06.06"]
[Round "5"]
[White "Diller, Daniel"]
[Black "Wensing, Maximilian"]
[Result "1-0"]
[Termination "normal"]
[Board "11"]
[WhiteElo "1976"]
[BlackElo "1922"]
[WhiteClock "00:20:58"]
[BlackClock "00:40:03"]
[PlyCount "53"]
[WhiteFideId "12908983"]
[BlackFideId "16222415"]
[EventCountry "GER"]
[EventRounds "9"]
[EventType "swiss"]
[EventDate "2017.06.03"]

1. e4 {[%clk 1:30:49]} 1... c5 {[%clk 1:30:50]} 2. Nf3 {[%clk 1:31:11]} 2... d6
{[%clk 1:31:13]} 3. d4 {[%clk 1:31:27]} 3... cxd4 {[%clk 1:31:36]} 4. Nxd4 {
[%clk 1:31:50]} 4... Nf6 {[%clk 1:32:00]} 5. Nc3 {[%clk 1:32:13]} 5... a6 {
[%clk 1:32:27]} 6. Bg5 {[%clk 1:32:28]} 6... e6 {[%clk 1:32:50]} 7. f4 { [%clk
1:32:49]} 7... Be7 {[%clk 1:33:14]} 8. Qf3 {[%clk 1:33:07]} 8... Qc7 { [%clk
1:33:36]} 9. O-O-O {[%clk 1:33:25]} 9... Nbd7 {[%clk 1:34:03]} 10. g4 { [%clk
1:33:38]} 10... h6 {[%clk 1:34:22]} 11. Bxf6 {[%clk 1:33:21]} 11... Bxf6 {[%clk
1:34:39]} 12. Kb1 {[%clk 1:33:30]} 12... Qb6 {[%clk 1:33:56]} 13. Nb3 { [%clk
1:31:24]} 13... Qc7 {[%clk 1:30:32]} 14. Nd4 {[%clk 1:23:10]} 14... Qb6 { [%clk
1:28:56]} 15. Nb3 {[%clk 1:22:13]} 15... Qc7 {[%clk 1:29:14]} 16. e5 { [%clk
1:14:25]} 16... dxe5 {[%clk 1:24:27]} 17. f5 {[%clk 1:10:10]} 17... exf5 {[%clk
1:04:29]} 18. gxf5 {[%clk 0:55:42]} 18... Qc6 {[%clk 0:56:51]} 19. Ne4 { [%clk
0:41:19]} 19... a5 {[%clk 0:49:50]} 20. Bb5 {[%clk 0:38:04]} 20... Qc7 { [%clk
0:47:25]} 21. Nd6+ {[%clk 0:37:42]} 21... Kf8 {[%clk 0:47:21]} 22. Qh5 { [%clk
0:30:11]} 22... Nb6 {[%clk 0:45:41]} 23. a4 {[%clk 0:27:07]} 23... Qe7 { [%clk
0:43:03]} 24. Nc5 {[%clk 0:22:07]} 24... Nd7 {[%clk 0:41:01]} 25. Nxc8 { [%clk
0:21:20]} 25... Qxc5 {[%clk 0:40:25]} 26. Rxd7 {[%clk 0:21:04]} 26... Be7
{[%clk 0:40:03]} 27. Nxe7 {[%clk 0:20:58]} 1-0

[Event "ODJM A 2017"]
[Site "Willingen GER"]
[Date "2017.06.06"]
[Round "5"]
[White "Meulner, Fabian"]
[Black "Irkilmez, Yakub"]
[Result "1/2-1/2"]
[Termination "normal"]
[Board "12"]
[WhiteElo "1969"]
[BlackElo "1921"]
[WhiteClock "00:43:01"]
[BlackClock "01:09:38"]
[PlyCount "40"]
[WhiteFideId "12913936"]
[BlackFideId "16204581"]
[EventCountry "GER"]
[EventRounds "9"]
[EventType "swiss"]
[EventDate "2017.06.03"]

1. d4 {[%clk 1:30:32]} 1... Nf6 {[%clk 1:30:56]} 2. c4 {[%clk 1:29:08]} 2... g6
{[%clk 1:23:27]} 3. Nc3 {[%clk 1:29:03]} 3... d5 {[%clk 1:23:50]} 4. Nf3 {
[%clk 1:29:11]} 4... Bg7 {[%clk 1:24:16]} 5. Bg5 {[%clk 1:25:59]} 5... Ne4 {
[%clk 1:24:24]} 6. Bh4 {[%clk 1:26:23]} 6... Nxc3 {[%clk 1:24:38]} 7. bxc3 {
[%clk 1:26:46]} 7... c5 {[%clk 1:24:18]} 8. cxd5 {[%clk 1:26:56]} 8... Qxd5 {
[%clk 1:23:52]} 9. e3 {[%clk 1:27:21]} 9... cxd4 {[%clk 1:24:08]} 10. cxd4 {
[%clk 1:27:38]} 10... Nc6 {[%clk 1:24:31]} 11. Be2 {[%clk 1:27:41]} 11... O-O {
[%clk 1:24:40]} 12. O-O {[%clk 1:28:04]} 12... Bf5 {[%clk 1:24:23]} 13. Nd2 {
[%clk 1:24:50]} 13... e5 {[%clk 1:18:44]} 14. Bc4 {[%clk 1:13:48]} 14... Qd7 {
[%clk 1:14:21]} 15. d5 {[%clk 1:03:41]} 15... Na5 {[%clk 1:14:14]} 16. Bb3 {
[%clk 1:01:09]} 16... Bd3 {[%clk 1:14:07]} 17. e4 {[%clk 0:43:12]} 17... Bxf1 {
[%clk 1:12:37]} 18. Nxf1 {[%clk 0:43:10]} 18... Nxb3 {[%clk 1:11:47]} 19. Qxb3
{[%clk 0:43:31]} 19... Kh8 {[%clk 1:11:54]} 20. Ne3 {[%clk 0:43:01]} 20... f5 {
[%clk 1:09:38]} 1/2-1/2

[Event "ODJM A 2017"]
[Site "Willingen GER"]
[Date "2017.06.06"]
[Round "5"]
[White "Dechant, Georg"]
[Black "Stemmler, Fabian"]
[Result "1-0"]
[Termination "normal"]
[Board "13"]
[WhiteElo "2031"]
[BlackElo "1982"]
[PlyCount "103"]
[WhiteFideId "12956716"]
[BlackFideId "12964808"]
[EventCountry "GER"]
[EventRounds "9"]
[EventType "swiss"]
[EventDate "2017.06.03"]

1. e4 e6 2. d4 d5 3. e5 c5 4. c3 Nc6 5. Nf3 Bd7 6. Be2 f6 7. O-O Qc7 8. Bf4
O-O-O 9. Qd2 f5 10. Ng5 Nh6 11. Na3 a6 12. Nc2 Be7 13. b4 c4 14. a4 Rdf8 15. b5
Nb8 16. bxa6 Nxa6 17. Na3 Nf7 18. Nb5 Qb8 19. Rfb1 h6 20. Nxf7 Rxf7 21. Bh5
Rff8 22. Bg6 Bc6 23. Qe2 Kd7 24. Qh5 Qd8 25. Bf7 g5 26. Bc1 g4 27. Qg6 Nc7 28.
Nxc7 Kxc7 29. Qxe6 Rh7 30. Bg6 Rhh8 31. a5 Qd7 32. Qxd7+ Kxd7 33. a6 b5 34. a7
Bg5 35. Ba3 Kc7 36. Bxf8 Rxf8 37. Bxf5 Bd2 38. e6 Bxc3 39. e7 Re8 40. Bg6 Ra8
41. Ra6 Bd7 42. e8=Q Bxe8 43. Bxe8 Bxd4 44. Rxb5 Rxe8 45. a8=N+ Kd7 46. Rxd5+
Kc8 47. Kf1 Bc3 48. Rd1 Kb7 49. Ra3 Bf6 50. Rb1+ Kc8 51. Nb6+ Kc7 52. Nd5+ 1-0

[Event "ODJM A 2017"]
[Site "Willingen GER"]
[Date "2017.06.06"]
[Round "5"]
[White "Schimnatkowski, Lukas"]
[Black "Erofeev, Anastasia"]
[Result "1-0"]
[Termination "normal"]
[Board "14"]
[WhiteElo "2021"]
[BlackElo "1970"]
[PlyCount "69"]
[WhiteFideId "12936723"]
[BlackFideId "12917915"]
[EventCountry "GER"]
[EventRounds "9"]
[EventType "swiss"]
[EventDate "2017.06.03"]

1. c4 c6 2. e4 e6 3. Nf3 d5 4. exd5 exd5 5. d4 Nf6 6. Nc3 Be7 7. Bf4 Be6 8. c5
O-O 9. Bd3 b6 10. b4 Bg4 11. Rc1 b5 12. h3 Bh5 13. O-O Nbd7 14. g4 Bg6 15. Bxg6
hxg6 16. Qd3 a5 17. a3 a4 18. Rce1 Nh7 19. Bc7 Qxc7 20. Rxe7 Rae8 21. Rfe1 Rxe7
22. Rxe7 Qd8 23. Qe3 Nhf6 24. g5 Nh5 25. Ne2 Qc8 26. Nf4 Qd8 27. Nxh5 gxh5 28.
Ne1 Kh8 29. Nd3 g6 30. Nf4 Qc8 31. Qe2 Qd8 32. Nxh5 gxh5 33. Qxh5+ Kg8 34. g6
Nf6 35. gxf7+ 1-0

[Event "ODJM A 2017"]
[Site "Willingen GER"]
[Date "2017.06.06"]
[Round "5"]
[White "von Estorff, Jacob"]
[Black "Knudsen, Simon"]
[Result "0-1"]
[Termination "normal"]
[Board "15"]
[WhiteElo "1987"]
[BlackElo "2004"]
[PlyCount "72"]
[WhiteFideId "12974501"]
[BlackFideId "12985546"]
[EventCountry "GER"]
[EventRounds "9"]
[EventType "swiss"]
[EventDate "2017.06.03"]

1. e4 c5 2. Nf3 d6 3. d4 cxd4 4. Nxd4 Nf6 5. Nc3 a6 6. h3 e6 7. g4 b5 8. a3 Bb7
9. Bg2 Qc7 10. Be3 Be7 11. O-O Nc6 12. Nxc6 Bxc6 13. Qd3 O-O 14. f4 Nd7 15. f5
Ne5 16. Qe2 Nc4 17. Bc1 Bf6 18. g5 Bd4+ 19. Kh2 Bb7 20. f6 Nxb2 21. Bxb2 Bxc3
22. fxg7 Bxg7 23. Bxg7 Kxg7 24. Qf3 d5+ 25. Kh1 dxe4 26. Qf6+ Kg8 27. Rf4 Rac8
28. Raf1 Qc3 29. Qh6 Qg7 30. Qh5 Rxc2 31. Qd1 Rc4 32. h4 Bd5 33. Qe2 a5 34.
Bxe4 Rxe4 35. Rxe4 Qe5 36. Rff4 Qxf4 0-1

[Event "ODJM A 2017"]
[Site "Willingen GER"]
[Date "2017.06.06"]
[Round "5"]
[White "Mantel, Ruben"]
[Black "Hofmann, Marko"]
[Result "1/2-1/2"]
[Termination "normal"]
[Board "16"]
[WhiteElo "1961"]
[BlackElo "1837"]
[PlyCount "56"]
[WhiteFideId "12930121"]
[BlackFideId "12935875"]
[EventCountry "GER"]
[EventRounds "9"]
[EventType "swiss"]
[EventDate "2017.06.03"]

1. e4 e6 2. d4 d5 3. exd5 exd5 4. Bd3 Bd6 5. Ne2 Nf6 6. Nbc3 c6 7. Bg5 Bg4 8.
Qd2 Nbd7 9. f3 Bh5 10. O-O-O Bg6 11. Bxg6 hxg6 12. Nf4 O-O 13. h4 Bxf4 14. Qxf4
Re8 15. g4 Nf8 16. Qg3 Ne6 17. Be3 Qc7 18. f4 Re7 19. Qf3 Rae8 20. f5 Nf8 21.
Bf4 Qd7 22. Be5 N6h7 23. h5 gxf5 24. gxf5 Ng5 25. Qg4 f6 26. h6 Nfh7 27. Bf4 g6
28. Bxg5 fxg5 1/2-1/2

[Event "ODJM A 2017"]
[Site "Willingen GER"]
[Date "2017.06.06"]
[Round "5"]
[White "Englert, Jon"]
[Black "Weinkauf, Viktor"]
[Result "1/2-1/2"]
[Termination "normal"]
[Board "17"]
[WhiteElo "1929"]
[BlackElo "1732"]
[PlyCount "71"]
[WhiteFideId "12992275"]
[BlackFideId "1272036"]
[EventCountry "GER"]
[EventRounds "9"]
[EventType "swiss"]
[EventDate "2017.06.03"]

1. d4 Nf6 2. c4 c5 3. d5 e5 4. Nc3 d6 5. e4 Be7 6. Nge2 Nbd7 7. g3 O-O 8. Bh3
Nh5 9. O-O Ndf6 10. Bxc8 Qxc8 11. Kg2 g6 12. f4 exf4 13. Nxf4 Ng7 14. Nd3 Nd7
15. Bf4 g5 16. Be3 Bf6 17. Qd2 Bxc3 18. Qxc3 f6 19. Rae1 h6 20. Bc1 Ne5 21.
Nxe5 fxe5 22. Rxf8+ Qxf8 23. Rf1 Qe7 24. Qf3 Rf8 25. Qxf8+ Qxf8 26. Rxf8+ Kxf8
27. h4 gxh4 28. Bxh6 hxg3 29. Kxg3 Kf7 30. Kg4 Ne8 31. Bg5 Nf6+ 32. Bxf6 Kxf6
33. a3 b6 34. a4 Kg6 35. Kh4 Kh6 36. Kg4 1/2-1/2

[Event "ODJM A 2017"]
[Site "Willingen GER"]
[Date "2017.06.06"]
[Round "5"]
[White "Fistoul, Boris"]
[Black "Petri, Ben-Luca"]
[Result "1-0"]
[Termination "normal"]
[Board "18"]
[WhiteElo "1902"]
[BlackElo "1709"]
[PlyCount "63"]
[WhiteFideId "12953962"]
[BlackFideId "12947261"]
[EventCountry "GER"]
[EventRounds "9"]
[EventType "swiss"]
[EventDate "2017.06.03"]

1. d4 Nf6 2. c4 g6 3. f3 d5 4. cxd5 Nxd5 5. e4 Nb6 6. Nc3 Bg7 7. Be3 O-O 8. Qd2
Nc6 9. O-O-O e5 10. d5 Ne7 11. g4 f5 12. gxf5 gxf5 13. Be2 f4 14. Bxb6 axb6 15.
Bc4 Kh8 16. h4 Rf6 17. h5 h6 18. Qg2 Bd7 19. Nh3 Qe8 20. Rdg1 Qf8 21. Rd1 Qe8
22. Rhg1 Qf8 23. Rd2 Nc8 24. Bb5 Bxb5 25. Nxb5 Rxa2 26. Kb1 Ra5 27. Nxc7 Qe7
28. Ne6 Rf7 29. Nxg7 Rxg7 30. Qxg7+ Qxg7 31. Rxg7 Kxg7 32. d6 1-0

[Event "ODJM A 2017"]
[Site "Willingen GER"]
[Date "2017.06.06"]
[Round "5"]
[White "Isler, Benjamin"]
[Black "Kreutz, Jonas"]
[Result "1-0"]
[Termination "normal"]
[Board "19"]
[WhiteElo "1740"]
[BlackElo "1926"]
[PlyCount "51"]
[WhiteFideId "12975478"]
[BlackFideId "12970697"]
[EventCountry "GER"]
[EventRounds "9"]
[EventType "swiss"]
[EventDate "2017.06.03"]

1. d4 d5 2. e4 e6 3. Nd2 Nc6 4. c3 e5 5. exd5 Qxd5 6. Ngf3 exd4 7. Bc4 Qh5 8.
O-O dxc3 9. Re1+ Nge7 10. bxc3 g6 11. Ba3 Qa5 12. Ne4 Bg7 13. Bxe7 Nxe7 14.
Nfg5 O-O 15. Nxf7 Rxf7 16. Qd8+ Bf8 17. Bxf7+ Kxf7 18. Nd6+ Kg7 19. Rxe7+ Bxe7
20. Qxe7+ Kh6 21. Nf7+ Kh5 22. h3 g5 23. g4+ Bxg4 24. hxg4+ Kxg4 25. Qe4+ Kh5
26. Kg2 1-0

[Event "ODJM A 2017"]
[Site "Willingen GER"]
[Date "2017.06.06"]
[Round "5"]
[White "Steffens, Oliver"]
[Black "Cejda, Moritz"]
[Result "1-0"]
[Termination "normal"]
[Board "20"]
[WhiteElo "1948"]
[BlackElo "1684"]
[PlyCount "74"]
[WhiteFideId "12947148"]
[BlackFideId "12925152"]
[EventCountry "GER"]
[EventRounds "9"]
[EventType "swiss"]
[EventDate "2017.06.03"]

1. e4 e6 2. d4 d5 3. Nd2 Nf6 4. e5 Nfd7 5. Bd3 c5 6. c3 Nc6 7. Ne2 cxd4 8. cxd4
f6 9. exf6 Nxf6 10. Nf3 Bd6 11. O-O O-O 12. a3 Ng4 13. Ng3 Kh8 14. Bxh7 Bf4 15.
Bxf4 Rxf4 16. Bc2 Nf6 17. Ne2 Rxf3 18. gxf3 e5 19. dxe5 Nxe5 20. Ng3 Be6 21.
Qe2 Nfd7 22. f4 Bg4 23. f3 Qb6+ 24. Kg2 Nxf3 25. Rxf3 Bxf3+ 26. Qxf3 Qxb2 27.
Qd3 Nf6 28. Rb1 Qa2 29. Qb3 Qxb3 30. Rxb3 b6 31. Rd3 Rd8 32. Bb3 Kg8 33. Ne4
Nxe4 34. Rxd5 Rxd5 35. Bxd5+ Kf8 36. Bxe4 Ke7 37. Kf3 Kf6 1-0

[Event "ODJM A 2017"]
[Site "Willingen GER"]
[Date "2017.06.06"]
[Round "5"]
[White "Garbuz, Vitaliy"]
[Black "Terhuven, Patrick"]
[Result "1/2-1/2"]
[Termination "normal"]
[Board "21"]
[WhiteElo "1841"]
[BlackElo "2171"]
[PlyCount "66"]
[WhiteFideId "12990710"]
[BlackFideId "12919098"]
[EventCountry "GER"]
[EventRounds "9"]
[EventType "swiss"]
[EventDate "2017.06.03"]

1. e4 c5 2. d4 cxd4 3. c3 dxc3 4. Nxc3 Nc6 5. Nf3 d6 6. Bc4 a6 7. O-O Nf6 8.
Qe2 Bg4 9. Rd1 e6 10. Bf4 Qb8 11. h3 Bxf3 12. Qxf3 Be7 13. Rac1 O-O 14. Qe2 Rc8
15. a3 b5 16. Ba2 Ne5 17. Be3 Nc4 18. Bd4 Nd7 19. a4 e5 20. Nd5 Bd8 21. Bxc4
Rxc4 22. Rxc4 bxc4 23. Be3 Qb3 24. Nc3 Be7 25. Nd5 Bd8 26. Nc3 Be7 27. Nd5 Bf8
28. a5 Rc8 29. Rc1 Qb5 30. Bb6 Nxb6 31. axb6 Rc5 32. Ra1 a5 33. Ra3 f5 1/2-1/2

[Event "ODJM A 2017"]
[Site "Willingen GER"]
[Date "2017.06.06"]
[Round "5"]
[White "Dette, Jan"]
[Black "Petersen, Finn Christopher"]
[Result "1-0"]
[Termination "normal"]
[Board "23"]
[WhiteElo "2032"]
[BlackElo "1720"]
[PlyCount "57"]
[WhiteFideId "12936677"]
[BlackFideId "12964840"]
[EventCountry "GER"]
[EventRounds "9"]
[EventType "swiss"]
[EventDate "2017.06.03"]

1. e4 e5 2. Bc4 Nf6 3. d4 exd4 4. Nf3 Bb4+ 5. c3 dxc3 6. bxc3 Bc5 7. e5 Qe7 8.
O-O Ne4 9. Bd5 Nxf2 10. Rxf2 Bxf2+ 11. Kxf2 d6 12. Ba3 Nd7 13. Qa4 O-O 14. Qf4
Nc5 15. Bxc5 dxc5 16. Nbd2 c6 17. Bb3 Be6 18. Bc2 Rad8 19. Ne4 f5 20. exf6 gxf6
21. Qh4 Qg7 22. Nxc5 Bd5 23. Bb3 Kh8 24. Bxd5 cxd5 25. Ne6 Qg6 26. Nxf8 Rxf8
27. Qd4 Rg8 28. g3 Qh6 29. Re1 1-0

[Event "ODJM A 2017"]
[Site "Willingen GER"]
[Date "2017.06.06"]
[Round "5"]
[White "Rieper, Julian"]
[Black "Kracht, Raphael"]
[Result "1-0"]
[Termination "normal"]
[Board "24"]
[WhiteElo "2064"]
[BlackElo "1682"]
[PlyCount "119"]
[WhiteFideId "12936960"]
[BlackFideId "16214382"]
[EventCountry "GER"]
[EventRounds "9"]
[EventType "swiss"]
[EventDate "2017.06.03"]

1. e4 e5 2. Nf3 Nc6 3. Bb5 Nge7 4. O-O g6 5. d4 exd4 6. Nxd4 Bg7 7. Be3 O-O 8.
c4 a6 9. Ba4 d6 10. Nc3 Ne5 11. Qe2 Ng4 12. Rad1 Nxe3 13. Qxe3 Bd7 14. Bc2 Nc6
15. Nde2 Ne5 16. b3 Qh4 17. h3 Bh6 18. f4 Bc6 19. Nd5 Bxd5 20. cxd5 Rac8 21.
Qa7 Nd7 22. Qxb7 Nc5 23. Qb4 Rfe8 24. Qc4 Qe7 25. Nc3 Bg7 26. Rde1 a5 27. a3
Nd7 28. Nb5 Nb6 29. Qd3 c6 30. dxc6 Rxc6 31. Bd1 Qf6 32. a4 Nd7 33. Qd5 Rec8
34. Bg4 Nb6 35. Qd3 Rd8 36. Kh1 Qe7 37. Qd2 Ra8 38. Bf3 Qd7 39. Rd1 Rac8 40.
Qxa5 Bf8 41. Nd4 Ra8 42. Qb5 Rc7 43. Qxb6 Rb7 44. Qc6 Qxc6 45. Nxc6 Rxb3 46. a5
Rc8 47. Rc1 Kg7 48. a6 d5 49. exd5 Bd6 50. Rc4 Ra3 51. Na5 Ra8 52. Nb7 R8xa6
53. Nxd6 Rxd6 54. Rc6 Rd7 55. Rd1 h5 56. Rb6 h4 57. d6 Kf6 58. Bg4 Rd8 59. d7+
Ke7 60. Re1+ 1-0

[Event "ODJM A 2017"]
[Site "Willingen GER"]
[Date "2017.06.06"]
[Round "5"]
[White "Lüßmann, Thomas"]
[Black "Helmer, Jan"]
[Result "1-0"]
[Termination "normal"]
[Board "25"]
[WhiteElo "1952"]
[BlackElo "1849"]
[PlyCount "59"]
[WhiteFideId "1270602"]
[BlackFideId "12956686"]
[EventCountry "GER"]
[EventRounds "9"]
[EventType "swiss"]
[EventDate "2017.06.03"]

1. d4 e6 2. Bf4 f5 3. Nc3 Bb4 4. e4 Bxc3+ 5. bxc3 fxe4 6. Qg4 g6 7. Bg5 Nf6 8.
Qh4 O-O 9. f3 e3 10. Bd3 c5 11. Ne2 cxd4 12. Nf4 d6 13. Bxg6 hxg6 14. Nxg6 Nbd7
15. Nxf8 Qxf8 16. cxd4 e5 17. O-O Qg7 18. dxe5 dxe5 19. Rfd1 Ne8 20. Bxe3 b6
21. Qc4+ Kh8 22. Qc6 Rb8 23. Bf2 Ndf6 24. Bg3 Bb7 25. Qe6 Rc8 26. Rac1 Nc7 27.
Qh3+ Kg8 28. Bxe5 Ncd5 29. Rxd5 Qg5 30. Qe6+ 1-0

[Event "ODJM A 2017"]
[Site "Willingen GER"]
[Date "2017.06.06"]
[Round "5"]
[White "Kruglikova, Viktorija"]
[Black "Joeres, Stefan"]
[Result "0-1"]
[Termination "normal"]
[Board "26"]
[WhiteElo "1788"]
[BlackElo "1995"]
[PlyCount "106"]
[WhiteFideId "34120596"]
[BlackFideId "12983160"]
[EventCountry "GER"]
[EventRounds "9"]
[EventType "swiss"]
[EventDate "2017.06.03"]

1. e4 c5 2. Nf3 Nc6 3. c3 d5 4. exd5 Qxd5 5. d4 Bg4 6. Be2 e6 7. O-O Nf6 8. Be3
Be7 9. c4 Qd7 10. dxc5 Qxd1 11. Rxd1 Ne4 12. h3 Bh5 13. Na3 Bxc5 14. Bxc5 Nxc5
15. Nb5 Ke7 16. Nc3 Rhd8 17. b3 Bg6 18. Rxd8 Rxd8 19. Rd1 Rxd1+ 20. Bxd1 f6 21.
Kf1 Nd3 22. Nh4 Be8 23. Bc2 Nce5 24. g3 g5 25. Ng2 Bc6 26. Ne3 f5 27. Ke2 Bf3+
28. Kf1 h5 29. Nb5 a6 30. Nd4 Nb4 31. Nxf3 Nxf3 32. Bd1 Nd4 33. a3 Nd3 34. b4
g4 35. h4 f4 36. Nc2 Nf5 37. Be2 Nc1 38. gxf4 Nxe2 39. Kxe2 Nxh4 40. Nd4 Kd6
41. Nb3 Ng2 42. Nc5 Nxf4+ 43. Ke3 Ng2+ 44. Ke2 b5 45. Nxa6 bxc4 46. Nc5 Kd5 47.
a4 Nf4+ 48. Ke3 Nd3 49. Nxd3 cxd3 50. Kxd3 h4 51. a5 h3 52. a6 Kc6 53. b5+ Kb6
0-1

[Event "ODJM A 2017"]
[Site "Willingen GER"]
[Date "2017.06.06"]
[Round "5"]
[White "Buhr, Patrick"]
[Black "Tresch, Lukas"]
[Result "1/2-1/2"]
[Termination "normal"]
[Board "28"]
[WhiteElo "1780"]
[BlackElo "2043"]
[PlyCount "55"]
[WhiteFideId "16206436"]
[BlackFideId "12938866"]
[EventCountry "GER"]
[EventRounds "9"]
[EventType "swiss"]
[EventDate "2017.06.03"]

1. c4 c5 2. g3 Nf6 3. Bg2 d5 4. cxd5 Nxd5 5. Nc3 Nc7 6. Nf3 Nc6 7. O-O e5 8. b3
Be7 9. Bb2 O-O 10. Rc1 Bd7 11. Ne4 f5 12. Nxc5 e4 13. Ne5 Nxe5 14. Bxe5 Bxc5
15. Rxc5 Na6 16. Rc1 Qe7 17. Bb2 Rac8 18. d4 Rxc1 19. Qxc1 Rc8 20. Qd2 Qb4 21.
Qc1 Qb6 22. a3 Be6 23. b4 Bc4 24. Qd2 Qb5 25. Rc1 Nc7 26. e3 Nd5 27. Bf1 Nb6
28. Bxc4+ 1/2-1/2

[Event "ODJM A 2017"]
[Site "Willingen GER"]
[Date "2017.06.06"]
[Round "5"]
[White "Troyke, Jannis"]
[Black "Munkhjargal, Narmandakh"]
[Result "0-1"]
[Termination "normal"]
[Board "29"]
[WhiteElo "1896"]
[BlackElo "1957"]
[PlyCount "34"]
[WhiteFideId "12993115"]
[BlackFideId "4903382"]
[EventCountry "GER"]
[EventRounds "9"]
[EventType "swiss"]
[EventDate "2017.06.03"]

1. e4 c5 2. Nf3 Nc6 3. Bb5 a6 4. Bxc6 bxc6 5. O-O d5 6. d3 Bg4 7. Nc3 e6 8. Re1
Ne7 9. Na4 Ng6 10. h3 Bxf3 11. Qxf3 Bd6 12. Qg4 Qa5 13. Nc3 d4 14. Bd2 dxc3 15.
Bxc3 Qc7 16. Bxg7 Rg8 17. e5 Rxg7 0-1

[Event "ODJM A 2017"]
[Site "Willingen GER"]
[Date "2017.06.06"]
[Round "5"]
[White "Bui, Hai Lam"]
[Black "Reindl, Knut"]
[Result "1-0"]
[Termination "normal"]
[Board "30"]
[WhiteElo "1916"]
[BlackElo "1687"]
[PlyCount "53"]
[WhiteFideId "12975737"]
[BlackFideId "12946753"]
[EventCountry "GER"]
[EventRounds "9"]
[EventType "swiss"]
[EventDate "2017.06.03"]

1. e4 c5 2. Nf3 d6 3. d4 cxd4 4. Nxd4 Nf6 5. Nc3 g6 6. Be3 Bg7 7. f3 O-O 8. Qd2
Nc6 9. Bc4 Bd7 10. h4 Rc8 11. Bb3 h5 12. O-O-O Na5 13. Rdg1 Nc4 14. Bxc4 Rxc4
15. g4 Qa5 16. Nf5 Bxf5 17. gxf5 Rfc8 18. fxg6 Rxc3 19. gxf7+ Kxf7 20. bxc3
Qxa2 21. Qd3 Nd7 22. e5 Nxe5 23. Qf5+ Bf6 24. Qxc8 Qa1+ 25. Kd2 Nxf3+ 26. Ke2
Nxg1+ 27. Rxg1 1-0

[Event "ODJM A 2017"]
[Site "Willingen GER"]
[Date "2017.06.06"]
[Round "5"]
[White "Täschner, Simon"]
[Black "Wiesner, Alexander"]
[Result "1/2-1/2"]
[Termination "normal"]
[Board "31"]
[WhiteElo "1806"]
[BlackElo "1917"]
[PlyCount "69"]
[WhiteFideId "1270971"]
[BlackFideId "12943991"]
[EventCountry "GER"]
[EventRounds "9"]
[EventType "swiss"]
[EventDate "2017.06.03"]

1. c4 e5 2. g3 c6 3. Bg2 Nf6 4. Nc3 Bb4 5. e3 O-O 6. Nge2 d6 7. a3 Bxc3 8. Nxc3
Be6 9. d3 d5 10. cxd5 cxd5 11. O-O Nc6 12. Bd2 Qe7 13. Rc1 Rad8 14. Qa4 a6 15.
b4 e4 16. d4 Qd7 17. b5 axb5 18. Qxb5 Bh3 19. Rb1 Bxg2 20. Kxg2 Rb8 21. Qe2 h6
22. Rb5 Ne7 23. Rfb1 Nh7 24. Na4 Ng5 25. g4 Nf3 26. h3 Qc7 27. Rh1 Qc2 28. Nc5
Qxd2 29. Qxd2 Nxd2 30. Nd7 Rfd8 31. Nxb8 Rxb8 32. Rc1 Nc4 33. a4 b6 34. Ra1 Ra8
35. Kg3 1/2-1/2

[Event "ODJM A 2017"]
[Site "Willingen GER"]
[Date "2017.06.06"]
[Round "5"]
[White "Reitz, Philipp"]
[Black "Wissing, Philipp"]
[Result "1-0"]
[Termination "normal"]
[Board "32"]
[WhiteElo "1954"]
[BlackElo "1749"]
[PlyCount "111"]
[WhiteFideId "12973297"]
[BlackFideId "12993654"]
[EventCountry "GER"]
[EventRounds "9"]
[EventType "swiss"]
[EventDate "2017.06.03"]

1. e4 Nf6 2. e5 Nd5 3. d4 d6 4. c4 Nb6 5. exd6 cxd6 6. Nc3 g6 7. Be3 Bg7 8. Rc1
O-O 9. b3 Nc6 10. d5 Nb4 11. a3 Na6 12. Be2 e5 13. dxe6 Bxe6 14. Nf3 Nc7 15.
O-O Nc8 16. Qd2 Ne7 17. Bf4 Rc8 18. Qxd6 Nf5 19. Qd2 Qxd2 20. Bxd2 Rfd8 21. Bg5
Rd7 22. Ne4 Ne8 23. Rfd1 Bb2 24. Rxd7 Bxd7 25. Rc2 Bxa3 26. Ra2 Bf8 27. Rxa7
Bc6 28. Nf6+ Kg7 29. Nd5 f6 30. g4 Nfd6 31. Be3 Ne4 32. Nd4 Kg8 33. Nxc6 bxc6
34. Nb6 Rb8 35. Bf3 f5 36. gxf5 gxf5 37. Bxe4 fxe4 38. Nd7 Rxb3 39. Ra8 Rb7 40.
Rxe8 Rxd7 41. Bh6 Rf7 42. Rxf8+ Rxf8 43. Bxf8 Kxf8 44. Kg2 Ke7 45. Kg3 Kd6 46.
Kf4 Kc5 47. Kxe4 Kxc4 48. f4 Kb3 49. f5 c5 50. f6 c4 51. f7 c3 52. f8=Q c2 53.
Qb8+ Kc3 54. Qe5+ Kd2 55. Qd4+ Ke1 56. Qe3+ 1-0

[Event "ODJM A 2017"]
[Site "Willingen GER"]
[Date "2017.06.06"]
[Round "5"]
[White "Fromm, Johannes"]
[Black "Wübker, Paul-Luca"]
[Result "0-1"]
[Termination "normal"]
[Board "33"]
[WhiteElo "1636"]
[BlackElo "1806"]
[PlyCount "76"]
[WhiteFideId "12993204"]
[BlackFideId "12939528"]
[EventCountry "GER"]
[EventRounds "9"]
[EventType "swiss"]
[EventDate "2017.06.03"]

1. Nf3 d5 2. c4 d4 3. b4 f6 4. d3 e5 5. a3 a5 6. b5 a4 7. g3 Nd7 8. Bd2 Nc5 9.
Bb4 Be7 10. Nbd2 Nh6 11. Bg2 O-O 12. O-O Nf7 13. Qc2 f5 14. e3 Re8 15. exd4
exd4 16. Rfe1 Qd6 17. Re2 Bd7 18. Rae1 Bf6 19. Qd1 Rxe2 20. Rxe2 Qb6 21. Nf1 c6
22. bxc6 Bxc6 23. h3 Kh8 24. N1h2 h6 25. g4 f4 26. Qd2 g5 27. Nf1 Bxf3 28. Bxf3
Ne5 29. Bxc5 Nxf3+ 30. Kh1 Qxc5 31. Qc1 Qc6 32. Re4 Re8 33. Nd2 Nxd2 34. Qxd2
Rxe4 35. dxe4 Qxe4+ 36. Kg1 f3 37. Qb4 Kg7 38. Qa5 d3 0-1

[Event "ODJM A 2017"]
[Site "Willingen GER"]
[Date "2017.06.06"]
[Round "5"]
[White "Zell, Mirjam"]
[Black "Elier, Ali"]
[Result "1-0"]
[Termination "normal"]
[Board "34"]
[WhiteElo "1669"]
[BlackElo "1931"]
[PlyCount "63"]
[WhiteFideId "16208544"]
[BlackFideId "16217543"]
[EventCountry "GER"]
[EventRounds "9"]
[EventType "swiss"]
[EventDate "2017.06.03"]

1. e4 e5 2. Nf3 Nc6 3. Bb5 Nge7 4. c3 g6 5. d3 Bg7 6. O-O a6 7. Ba4 O-O 8. Re1
b5 9. Bc2 d5 10. Nbd2 Bb7 11. a4 Qd7 12. h3 Rad8 13. exd5 Nxd5 14. Ne4 Qe7 15.
Bg5 f6 16. Bc1 Kh8 17. Nh2 f5 18. Bg5 Bf6 19. Nxf6 Nxf6 20. Qe2 Qd6 21. Rad1
Qd5 22. Nf3 Rde8 23. d4 exd4 24. Bxf6+ Kg8 25. Qd2 Rxe1+ 26. Rxe1 Rxf6 27. axb5
axb5 28. cxd4 Rd6 29. Qh6 Rd8 30. Ng5 Nxd4 31. Qxh7+ Kf8 32. Qh8+ 1-0

[Event "ODJM A 2017"]
[Site "Willingen GER"]
[Date "2017.06.06"]
[Round "5"]
[White "Schlick, Stefan"]
[Black "Rudolph, Eva"]
[Result "1/2-1/2"]
[Termination "normal"]
[Board "35"]
[WhiteElo "2012"]
[BlackElo "1679"]
[PlyCount "41"]
[WhiteFideId "16211332"]
[BlackFideId "16200594"]
[EventCountry "GER"]
[EventRounds "9"]
[EventType "swiss"]
[EventDate "2017.06.03"]

1. d4 d5 2. c4 e6 3. Nc3 Be7 4. Nf3 Nf6 5. Bg5 h6 6. Bh4 O-O 7. e3 b6 8. cxd5
exd5 9. Bd3 Bb7 10. Ne5 Nbd7 11. f4 c5 12. O-O Nxe5 13. dxe5 Ne8 14. Bxe7 Qxe7
15. Be2 Rd8 16. Bf3 Nc7 17. Qa4 a6 18. e4 d4 19. Nd5 Nxd5 20. exd5 Bxd5 21.
Qxa6 1/2-1/2